[Event "Aragon-ch Seniors 50+"]
[Site "Zaragoza"]
[Date "2019.05.04"]
[Round "3"]
[White "Juberias Segura, Santiago"]
[Black "Ocabo Vera, Pedro Aristides"]
[Result "1-0"]
[WhiteElo "2009"]
[BlackElo "1775"]
[PlyCount "49"]
[EventDate "2019.04.27"]
[EventType "swiss"]
[EventRounds "8"]
[EventCountry "ESP"]
[SourceTitle "EXT 2020"]
[Source "ChessBase"]
[SourceDate "2019.10.17"]
[SourceVersion "1"]
[SourceVersionDate "2019.10.17"]
[SourceQuality "1"]

1. c4 d5 2. g3 dxc4 3. Bg2 c6 4. Na3 Nf6 5. Nf3 Bf5 6. Nxc4 e6 7. Qb3 Qc7 8. d3 b5 9. Ne3 Bg6 10. Nd4 a6 11. Bd2 e5 12. Ndf5 Bxf5 13. Nxf5 Qc8 14. Ne3 Ra7 15. a4 Rb7 16. 0-0 b4 17. Nc4 Qc7 18. d4 Nbd7 19. Nxe5 Nxe5 20. dxe5 Nd7 21. e6 Ne5 22. Bf4 f6 23. Rac1 Rb6 24. a5 Rb5 25. Bxc6+ 1-0

[Event "Aragon-ch Seniors-A"]
[Site "Zaragoza"]
[Date "2017.06.10"]
[Round "8"]
[White "Ocabo Vera, Pedro Aristides"]
[Black "Fernandez Sierra, Pedro Jose"]
[Result "1-0"]
[WhiteElo "1784"]
[BlackElo "1633"]
[PlyCount "65"]
[EventDate "2017.04.22"]
[EventType "swiss"]
[EventRounds "8"]
[EventCountry "ESP"]
[SourceTitle "EXT 2019"]
[Source "ChessBase"]
[SourceDate "2018.10.10"]
[SourceVersion "1"]
[SourceVersionDate "2018.10.10"]
[SourceQuality "1"]

1. d4 Nf6 2. Bf4 c5 3. e3 e6 4. c3 d5 5. Bd3 Nc6 6. Nf3 Bd6 7. Bg5 h6 8. Bh4 0-0 9. Nbd2 cxd4 10. exd4 Re8 11. 0-0 e5 12. dxe5 Nxe5 13. Bc2 Bg4 14. h3 Be6 15. Nd4 Ned7 16. Re1 Qb6 17. Rb1 Rac8 18. Nf1 Bc5 19. Nb3 Bd6 20. Ng3 g5 21. Qd3 gxh4 22. Nf5 Bxf5 23. Qxf5 Bg3 24. Nd4 Be5 25. Nf3 Bg3 26. Nd4 Be5 27. Red1 Bxd4 28. Rxd4 Re4 29. Bxe4 dxe4 30. Rxd7 Nxd7 31. Qxd7 Rxc3 32. Qe8+ Kh7 33. Qxe4+ 1-0

[Event "Aragon-ch Seniors-A"]
[Site "Zaragoza"]
[Date "2017.05.06"]
[Round "3"]
[White "Hernandez Calvera, Hernan Angel"]
[Black "Ocabo Vera, Pedro Aristides"]
[Result "1-0"]
[WhiteElo "1524"]
[BlackElo "1784"]
[PlyCount "71"]
[EventDate "2017.04.22"]
[EventType "swiss"]
[EventRounds "8"]
[EventCountry "ESP"]
[SourceTitle "EXT 2019"]
[Source "ChessBase"]
[SourceDate "2018.10.10"]
[SourceVersion "1"]
[SourceVersionDate "2018.10.10"]
[SourceQuality "1"]

1. e4 g6 2. d4 Bg7 3. Nc3 d6 4. Be3 a6 5. Nf3 Nc6 6. Be2 e5 7. d5 Nce7 8. Qd2 f5 9. g3 h6 10. h4 Nf6 11. exf5 Nxf5 12. Nh2 b5 13. Ng4 Bb7 14. Nxf6+ Qxf6 15. Ne4 Qf7 16. 0-0-0 Ne7 17. c4 a5 18. Kb1 b4 19. Rhf1 Nf5 20. c5 0-0 21. Rh1 Ba6 22. Bg4 Kh7 23. Rc1 Bb7 24. Rhd1 Rfb8 25. cxd6 cxd6 26. Ka1 Qe7 27. h5 Nd4 28. hxg6+ Kxg6 29. Rh1 Bxd5 30. Qd3 Bxe4 31. Qxe4+ Kf7 32. Qd5+ Kf8 33. Bxh6 Qf6 34. Bxg7+ Kxg7 35. Rc7+ Kg6 36. Bh5+ 1-0

[Event "Aragon-ch Seniors"]
[Site "Zaragoza"]
[Date "2015.06.06"]
[Round "8"]
[White "Palomar Ramon, Santiago"]
[Black "Ocabo Vera, Pedro Aristides"]
[Result "1-0"]
[WhiteElo "1952"]
[BlackElo "1777"]
[PlyCount "47"]
[EventDate "2015.04.18"]
[EventType "swiss"]
[EventRounds "8"]
[EventCountry "ESP"]
[SourceTitle "EXT 2017"]
[Source "ChessBase"]
[SourceDate "2016.10.25"]
[SourceVersion "1"]
[SourceVersionDate "2016.10.25"]
[SourceQuality "1"]

1. e4 g6 2. d4 Bg7 3. Nf3 d6 4. h3 Nf6 5. Nc3 0-0 6. Be3 h6 7. Qd2 Kh7 8. g4 Ng8 9. 0-0-0 a6 10. Bd3 b5 11. e5 b4 12. Ne4 a5 13. Ng3 Bb7 14. Be4 Bxe4 15. Nxe4 Nd7 16. e6 fxe6 17. Nfg5+ hxg5 18. h4 Ngf6 19. hxg5+ Kg8 20. gxf6 Nxf6 21. Ng5 Qd7 22. Qd3 a4 23. Qxg6 b3 24. Rh7 1-0

[Event "Autonomico-chT"]
[Site "Aragon"]
[Date "2005.02.26"]
[Round "5.62"]
[White "Ocabo Vera, Pedro Aristides"]
[Black "De Pablo, Hector Luis"]
[Result "1-0"]
[WhiteElo "1913"]
[BlackElo "1668"]
[PlyCount "53"]
[EventDate "2005.01.22"]
[EventType "team"]
[EventRounds "12"]
[EventCountry "ESP"]
[SourceTitle "EXT 2006"]
[Source "ChessBase"]
[SourceDate "2005.11.24"]
[SourceVersion "1"]
[SourceVersionDate "2005.11.24"]
[SourceQuality "1"]

1. d4 d5 2. c3 e6 3. Bf4 Nf6 4. Nf3 Be7 5. e3 0-0 6. Bd3 Nbd7 7. Nbd2 b6 8. Ne5 Bb7 9. Ndf3 Nxe5 10. Nxe5 Bd6 11. Bg5 Be7 12. Bxf6 Bxf6 13. h4 Qd6 14. Nf3 h6 15. g4 Be7 16. Ne5 Bf6 17. f4 Bxe5 18. dxe5 Qe7 19. g5 d4 20. Rg1 dxc3 21. bxc3 Qc5 22. Kf2 Qxc3 23. gxh6 Rfd8 24. Rxg7+ Kf8 25. Qh5 Qb2+ 26. Be2 Rd7 27. Qg5 1-0

[Event "Autonomico-chT"]
[Site "Aragon"]
[Date "2005.02.12"]
[Round "3.51"]
[White "Artal Alegria, Francisco Javier"]
[Black "Ocabo Vera, Pedro Aristides"]
[Result "1-0"]
[WhiteElo "1973"]
[BlackElo "1913"]
[PlyCount "71"]
[EventDate "2005.01.22"]
[EventType "team"]
[EventRounds "12"]
[EventCountry "ESP"]
[SourceTitle "EXT 2006"]
[Source "ChessBase"]
[SourceDate "2005.11.24"]
[SourceVersion "1"]
[SourceVersionDate "2005.11.24"]
[SourceQuality "1"]

1. e4 c6 2. d4 d5 3. Nc3 dxe4 4. Nxe4 Bf5 5. Ng3 Bg6 6. Nf3 h6 7. h4 e6 8. h5 Bh7 9. Bd3 Bxd3 10. Qxd3 Nd7 11. Bf4 Ngf6 12. 0-0-0 Qa5 13. Kb1 Nd5 14. Be5 N7b6 15. c4 Nb4 16. Qb3 0-0-0 17. a3 Na6 18. Qa2 Nd7 19. Bf4 c5 20. dxc5 Bxc5 21. Ne4 Be7 22. c5 Nc7 23. b4 Qa4 24. Nc3 Qc6 25. Nd4 Qa6 26. Rh3 Nd5 27. Nxd5 exd5 28. Qxd5 Nxc5 29. Qf5+ Rd7 30. bxc5 Rhd8 31. Rb3 g6 32. hxg6 Qxg6 33. Rc1 Bg5 34. c6 Qxf5+ 35. Nxf5 Bxf4 36. cxd7+ 1-0